Home Print Resources E-Books E-Journals IIMT Lecture Series Library Membership Form Book Recommendation Form Campus Tour Take AdmissionAbout Us Contact Us

CIVIL ENGINEERING DRAWING (Record no. 7577)

000 -LEADER
fixed length control field 00335nam a2200145Ia 4500
003 - CONTROL NUMBER IDENTIFIER
control field OSt
005 - DATE AND TIME OF LATEST TRANSACTION
control field 20240213110649.0
008 - FIXED-LENGTH DATA ELEMENTS--GENERAL INFORMATION
fixed length control field 170524s9999 xx 000 0 und d
020 ## - INTERNATIONAL STANDARD BOOK NUMBER
International Standard Book Number 9383137916
040 ## - CATALOGING SOURCE
Transcribing agency IIMT
100 ## - MAIN ENTRY--PERSONAL NAME
Personal name PAWAR A. K.
245 #0 - TITLE STATEMENT
Title CIVIL ENGINEERING DRAWING
260 ## - PUBLICATION, DISTRIBUTION, ETC.
Name of publisher, distributor, etc. NEW DELHI: VAYU EDUCATION
942 ## - ADDED ENTRY ELEMENTS (KOHA)
Source of classification or shelving scheme
Koha item type Book Bank
Holdings
Withdrawn status Lost status Source of classification or shelving scheme Damaged status Not for loan Home library Current library Date acquired Full call number Barcode Date last seen Uniform Resource Identifier Price effective from Koha item type Total Checkouts Date last checked out Total Renewals
          IIMT University Central Library Meerut IIMT University Central Library Meerut 05/30/2017 R 01-B-79911 05/30/2017 CIVIL ENGINEERING 05/30/2017 Reference Book      
          IIMT University Central Library Meerut IIMT University Central Library Meerut 05/30/2017   01-B-79912 05/04/2018 CIVIL ENGINEERING 05/30/2017 Book Bank 1 05/04/2018  
          IIMT University Central Library Meerut IIMT University Central Library Meerut 05/30/2017 R 01-B-79913 05/30/2017 CIVIL ENGINEERING 05/30/2017 Reference Book      
          IIMT University Central Library Meerut IIMT University Central Library Meerut 05/30/2017   01-B-79914 06/24/2023 CIVIL ENGINEERING 05/30/2017 Book Bank 4 03/17/2023 2
          IIMT University Central Library Meerut IIMT University Central Library Meerut 05/30/2017   01-B-79915 07/22/2021 CIVIL ENGINEERING 05/30/2017 Book Bank 3 02/26/2021 1
IIMT, Central Library. All Rights Reserved IIMT,UNIVERSITY © 2023
Implemented and Customised by I CLOUDE EMS
You Are OPAC Visitor No
free web counter

Powered by Koha